BIBLIOTHÈQUE DE LA MAISON DU MEXIQUE

Logo 1 Logo 2

La casa, una aproximación (notice nᵒ 12089)

détails MARC
000 -Sello discográfico
campo de control de longitud fija 00888nam a2200301 4500
005 - Identificación de versión
campo de control 20251016081850.0
010 ## - Número Estándar Internacional de Libros (ISBN)
Número (ISBN) 968-597-498-5
035 ## - Otros números de control del sistema
Número de control del sistema 16637
099 ## - fechas locales
Tipo de ítem Koha LIBRO
100 ## - Datos de procesamiento general
Datos de procesamiento general 19930801d1984 m y1spay5003 ba
105 ## - Campo de datos codificados: Material textual, monográfico
Datos codificados de monografía y 001zy
200 1# - Título y mención de responsabilidad
Título propio La casa, una aproximación
Designación general del material texto impreso
Primer mención de responsabilidad Víctor Manuel Ortíz
205 ## - Declaración de edición
Declaración de edición 1a ed
210 ## - Publicación, distribución, etc.
Lugar de publicación, distribución, etc. México
Nombre del editor, distribuidor, etc. Universidad Autónoma Metropolitana, Unidad Xochimilco
Fecha de publicación, distribución, etc. 1984
215 ## - Descripción física
Designación de material específico y extensión del ítem 153 p
Dimensiones 20 cm
345 ## - Nota de información de adquisición
Fuente de adquisición/dirección de la suscripción [OBSOLETO] Donación
410 #1 - Series
Título Colección Ensayos
Nombre de parte o sección Diseño
Número de volumen D4
606 ## - Término temático usado como materia
Elemento de entrada Arquitectura de la vivienda
Subdivisión geográfica México
Número Koha 115
660 ## - Código de área geográfica
Código MX
700 ## - Nombre personal - Responsabilidad primaria
Elemento de entrada Ortíz
Parte del nombre distinta del elemento de entrada Víctor Manuel
Número Koha 18715
801 #0 - Fuente de origen
Agencia cm
900 ## -
-- 1/8766
900 ## -
-- 710934426\\010893
942 ## - ELEMENTOS DE ENTRADA SECUNDARIOS (KOHA)
Tipo de ítem Koha Livre
996 ## -
-- MEX
-- 751145101
-- MMAG
-- 009795
-- 363.50 O775C
-- 20240227LIV
Exemplaires
Estatus retirado Estado de daño Estado de pérdida Fecha de adquisición Biblioteca de origen Biblioteca actual Ubicación en estantería Código de barras Precio de reemplazo Signatura topográfica completa No para préstamo Tipo de ítem Koha Nota pública Nota no pública
      05/08/2025 Casa México Paris Casa México Paris   009795 05/08/2025 363.50 O775C   Livre 20240227LIV 751145101